000 00981nam a2200289 a 4500
001 000044369
003 DO-SdBPM
005 20251031135840.0
007 ta
008 140626s20uu dr a 000 0 spa d
040 _aDO-SdBPM
_bspa
_cBPMSU
_erda
082 4 _aRD863.44
_bC712g
_222
100 1 _aCollins de Colado, Mary
_eautora
245 1 3 _aLa gatita Mima y sus amiguitas las violetas /
_cMary Collins de Colado ; ilustraciones Nidia Serra.
264 _aSanto Domingo :
_bEditora Corripio,
_c[200-?].
300 _a22 páginas :
_bilustraciones ;
_c30 cm.
336 _atexto
_btxt
_2rdacontent
337 _asin mediación
_bn
_2rdamedia
338 _avolumen
_bnc
_2rdacarrier
590 _aInventariado, 2025/VM
650 7 _aCuentos infantiles dominicanos
650 7 _aLiteratura infantil dominicana
650 7 _aLibros ilustrados para niños
700 1 _aSerra, Nidia,
_eilustraciones
910 _aVMateo V. Control de calidad. BPMSU
942 _2ddc
_cBK
999 _c7451
_d7451